Statistics for Insect... or Not an Insect?

Click here to take the quiz!

General Stats

  • This quiz has been taken 1,069 times
  • The average score is 16 of 22

Answer Stats

QuestionAnswer% Correct
LadybugInsect
97%
FireflyInsect
94%
Praying mantisInsect
91%
SnailNot an insect
91%
ScorpionNot an insect
90%
LeechNot an insect
86%
WaspInsect
85%
SpiderNot an insect
85%
FleaInsect
82%
EarthwormNot an insect
81%
MothInsect
79%
Walking stickInsect
77%
CaterpillarInsect
75%
MaggotInsect
66%
AntlionInsect
63%
SilverfishInsect
59%
SilkwormInsect
56%
MillipedeNot an insect
54%
CentipedeNot an insect
53%
Pillbug (Roly Poly)Not an Insect
44%
TickNot an insect
42%
MiteNot an insect
42%

Score Distribution

Percentile by Number Answered

Percent of People with Each Score

Your Score History

You have not taken this quiz